Proč státy selhávají kořeny moci, prosperity a chudoby

Salvato in:
Dettagli Bibliografici
Autore principale: Acemoglu, Daron
Altri autori: Robinson, James A.
Natura: Libro
Lingua:ceco
Pubblicazione: Praha Argo 2015
Serie:Edice zip 47
Soggetti:
Tags: Aggiungi Tag
Nessun Tag, puoi essere il primo ad aggiungerne!!

MARC

LEADER 00000nam a2200000 4500
001 0204646
005 20240313090311.7
020 |a 978-80-257-1305-1 
020 |a 978-80-7363-607-4 
041 0 |a cze 
044 |a CZ 
245 1 0 |a Proč státy selhávají  |b kořeny moci, prosperity a chudoby  |c Daron Acemoglu, James A. Robinson 
264 1 |a Praha  |b Argo  |c 2015 
300 |a 386 s. 
490 1 |a Edice zip  |v 47 
830 0 |a Edice zip  |v 47 
610 2 0 |a nerovnosť 
610 2 0 |a nerovnosť dôchodková 
610 2 0 |a nerovnosť sociálna 
610 2 0 |a prosperita ekonomická 
610 2 0 |a bohatstvo 
610 2 0 |a chudoba 
610 2 0 |a konflikty medzinárodné 
610 2 0 |a moc politická 
100 1 |a Acemoglu, Daron 
700 1 |a Robinson, James A.